000 01199nam0a22003131 4500
001 RU\INFOCOMM_327\NLR\5000051542
005 20250613111928.0
035 _a(NLR Aleph) 009599178
090 _a9299729
_c9299729
100 _a20130306d1967 |||y0rusy50 ca
101 0 _aeng
102 _aRU
105 _ay z |||||
200 1 _aˆThe ‰structure of the nature focus of zoonotic cutaneous leishmaniasis and its relationship with landscape morphology
_fV. M. Neronov, V. N. Vyukov, P. D. Gunin
_gUSSR Min. of public health. Central inst. for advanced med. studies. - World health organisation Inter-regional travelling seminar on leishmaniasis
210 _aM.
_d[1967]
215 _a[2], 21 с. включ. обл.
_d20 см
309 _aОтпеч. множит. аппаратом
620 _aМосква
686 _aМе3-1170
_2rubbk
700 1 _aNeronov
_bV. M.
701 1 _9z01790
_aV'jukov
_bV. N.
701 1 _aGunin
_bP. D.
712 1 2 _aInterregional travelling seminar on leishmaniasis
_f1967
_4570
790 1 _9z01701
_aVyukov
_bV. N.
_4070
801 1 _aRU
_bInfocomm
_c20130306
801 0 _aRU
_bINFOCOMM
_gPSBO
852 _aNLR
_jМд97 Д-4/57
942 _cBOOK
980 _aNB